Como é que é ser um morcego? (Record no. 1960)
[ view plain ]
| 000 -Etiqueta do registo | |
|---|---|
| Valores | 00700cam a2200265 4500 |
| 010 ## - Número ISBN | |
| ISBN | 978989576147 |
| 021 ## - Número do Depósito Legal | |
| Código do país | Portugal |
| Número | 540104/24 |
| 100 ## - Dados gerais de processamento | |
| Dados gerais | 20250811d2025 de|y0pory5003 ba |
| 101 ## - Língua de publicação | |
| Língua | Português |
| 102 ## - País de publicação | |
| País | Portugal |
| 200 ## - Titulo e menção de responsabilidade | |
| Título próprio | Como é que é ser um morcego? |
| Primeira menção de responsabilidade | Thomas Nagel |
| Outras menções de responsabilidade | trad. Manuel S. Fonseca |
| 205 ## - Menção da edição | |
| Edição | 1ª edição |
| 210 ## - Publicação | |
| Local de publicação | Lisboa |
| Nome do editor | Guerra e Paz |
| Data de publicação | 2025 |
| 215 ## - Descrição física | |
| Paginação / Volumes | 75 p. |
| Dimensões | 24 cm |
| 300 ## - Notas gerais | |
| Texto da nota | BMB-Registado |
| 606 ## - Nome comum usado como assunto | |
| Palavra de ordem | Filosofia do conhecimento |
| ID Autoridade | 259 |
| 606 ## - Nome comum usado como assunto | |
| Palavra de ordem | Moral |
| Subdivisão assunto | Ética |
| ID Autoridade | 281 |
| 606 ## - Nome comum usado como assunto | |
| Palavra de ordem | Morte |
| Código do sistema | SIPOR |
| 675 ## - CDU | |
| Notação | 17 |
| Edição | BMB |
| Língua | por |
| 700 ## - Autor principal (pessoa individual) | |
| Apelido | Nagel |
| Nome | Thomas |
| ID Autoridade | 2809 |
| 702 ## - Autor secundário (pessoa individual) | |
| Apelido | Fonseca |
| Nome | Manuel S. |
| Função | Tradutor |
| 801 ## - Fonte de origem | |
| País | PT |
| Agência | BMB |
| Regras de catalogação | RPC |
| 990 ## - Elementos KOHA | |
| Tipo de documento | Livro |
| Situação do levantamento | Estado | Número | Biblioteca de origem | Código de barras | Cota | Permissão de empréstimo | Tipo de documento | Forma de aquisição |
|---|---|---|---|---|---|---|---|---|
| 1 | Biblioteca Municipal de Borba | 1909 | 17 NAG / COM | Livro | Oferta |